Statistics for Countries without letter "A" in their name

Click here to take the quiz!

General Stats

  • This quiz has been taken 2,038 times
  • The average score is 23 of 31

Answer Stats

HintAnswer% Correct
South AmericaChile
89%
North AmericaMexico
88%
South AmericaPeru
86%
AfricaEgypt
85%
EuropeSweden
85%
EuropeBelgium
83%
EuropeGreece
81%
OceaniaFiji
80%
North AmericaBelize
79%
AfricaMorocco
78%
EuropeLuxembourg
77%
AsiaYemen
77%
EuropeLiechtenstein
76%
AfricaTogo
75%
EuropeUnited Kingdom
74%
AfricaBenin
73%
AsiaTurkey
73%
AfricaDjibouti
71%
EuropeKosovo
71%
AsiaCyprus
70%
AfricaNiger
69%
AfricaLesotho
68%
AfricaRepublic of the Congo
68%
AfricaBurundi
67%
AfricaComoros
65%
AsiaPhilippines
65%
AsiaBrunei
63%
EuropeMontenegro
63%
EuropeCzech Republic
61%
AfricaSeychelles
61%
AfricaCote d'Ivoire
34%

Score Distribution

Percentile by Number Answered

Percent of People with Each Score

Your Score History

You have not taken this quiz